000 00474nmm a2200157Ia 4500
008 251105s9999||||xx |||||||||||||||||und||
020 _a9786071682819
041 _aspa
100 _aZaldívar, Felipe
245 0 _aIntroducción a la teoría de números
264 _a[México D.C., Mexico] :
_bFondo de Cultura Económica,
_c2014
300 _a200 páginas
490 _aCiencia y Tecnología
856 _uhttps://public.digitaliapublishing.com/a/43515
942 _cCF
999 _c75704
_d75704